Countries by People #2 - Statistics

General Stats
  • This quiz has been taken 45 times
  • The average score is 15 of 20
Answer Stats
Picture Answer % Correct
North Korea
100%
Brazil
94%
Canada
94%
Colombia
94%
France
94%
The Netherlands
94%
USA
94%
Australia
91%
China
91%
Saudi Arabia
86%
Ukraine
74%
Philippines
69%
Croatia
66%
Norway
66%
Finland
63%
Egypt
54%
Denmark
51%
Slovenia
43%
Iraq
40%
Liechtenstein
9%
No matching quizzes found
Score Distribution
Percent of People with Each Score
Percentile by Number Answered
Your Score History
You have not taken this quiz